| 000 | 00526nam a22001937a 4500 | ||
|---|---|---|---|
| 003 | NUST - PNEC | ||
| 005 | 20170116180808.0 | ||
| 008 | 150423b xxu||||| |||| 00| 0 eng d | ||
| 020 | _a013093819X | ||
| 040 | _cLIBRARY | ||
| 082 | _a658.054 VOS | ||
| 100 |
_93150 _aVos, Ingrid |
||
| 245 |
_a The essential guide to mobile business _cIngrid Vos |
||
| 250 | _a- | ||
| 260 |
_aUSA _bPrentice-Hall PTR _cc2002. |
||
| 300 |
_a278 p. : _c23 cm. |
||
| 650 |
_93153 _aMobile communication systems _xAS, MIS |
||
| 942 |
_2ddc _cBK |
||
| 999 |
_c63273 _d63273 |
||